000 02242nam1a2200325 i 4500
001 RU\NLR\bibl\1489566
005 20260407211240.0
035 _a(NLR Aleph) 001481149
090 _a1704286
_c1704286
100 _a20100324g20099999k y0rusy50 ca
101 0 _arus
102 _aRU
105 _a||||z |||||
200 1 _aРазвитие российского и регионального бизнеса в условиях мирового финансового кризиса
_eматериалы Всероссийской научно-практической конференции (с международным участием), 23-24 апреля 2009г.
_fпод общ. ред. д.э.н., проф. И. А. Максимцева
210 _aСанкт-Петербург
_cСПбГУЭФ
_d2009
215 _d20
300 _aВ надзаг.: Федер. агентство по образованию, Гос. образоват. учреждение высш. проф. образования "С.-Петерб. гос. ун-т экономики и финансов", Фил. гос. образоват. учреждения высш. проф. образования "С.-Петерб. гос. ун-т "Экономики и финансов" в городе Пскове
463 0 _10011437396
463 0 _10011438055
606 1 _aПредпринимательство
_jСъезды, совещания и т.п.
_yРоссийская Федерация
_92073455
_3RU\NLR\auth\661248355
686 _aУ9(2)-13(2Р)я431
702 1 _aМаксимцев
_bИ. А.
_gИгорь Анатольевич
_4340
711 1 2 _a"Развитие российского и регионального бизнеса в условиях мирового финансового кризиса", всероссийская научно-практическая конференция (с международным участием)
_eСанкт-Петербург
_f2009
_9775540
_3RU\NLR\AUTH\8810140236
801 0 _aRU
_bNLR
_c20100324
_gRCR
801 1 _aRU
_bNLR
_c20100324
852 _aNLR
_j2009-3/36287
942 _cBOOK